000 00939nam a2200289 i 4500
001 bg
100 1 _aŻMIJEWSKA, Sławomiła
245 1 0 _aBadania jakości wody stosowanej na statkach /
_cSławomiła Żmijewska, Waldemar Trześniowski ; [Akademia Morska w Szczecinie].
260 _aSzczecin :
_bAkademia Morska,
_c2005.
300 _a116, [1] s. :
_bil. ;
_c24 cm.
504 _aBibliogr. s. 116.
650 9 _aChemia analityczna
_xstosowanie
650 9 _aKotły wodne
_xobsługa i eksploatacja
650 9 _aSilniki okrętowe
_xeksploatacja
650 9 _aUzdatnianie wody
_xmetody
650 9 _aWoda
_xchemia
_xbadanie
655 _aPodręczniki akademickie
700 1 _aTRZEŚNIOWSKI, Waldemar
015 _aPB 8900/2006
020 _a8389901099
040 _cBPK
041 0 _apol
080 _a628.1:543:621.1:629.5](075.8)
920 _a83-89901-09-9
942 _cKS
008 s pl f |000 0 pol
999 _c52107
_d52107
856 _uhttp://koha.tu.koszalin.pl/cgi-bin/koha/opac-detail.pl?biblionumber=52107
_yKatalog online BPK